| 000 | 00713nam a2200229 a 4500 | ||
|---|---|---|---|
| 001 | 1470 | ||
| 003 | BR-CuiBMT | ||
| 005 | 20231211204239.0 | ||
| 008 | 231211s2013 mtb 000 0 por d | ||
| 020 | _a9788588517127 | ||
| 040 |
_aBR-CuiBMT _cBR-CuiBMT |
||
| 080 |
_22007 _a347.991 _x(817.2) |
||
| 090 |
_a347.991(817.2) _bM149p |
||
| 100 | 1 | _aMachado, Marcos Henrique | |
| 245 | 1 | 2 |
_aA proteção social como pressuposto de atuação do MPMT / _cMarcos Henrique Machado. |
| 260 |
_aCuiabá : _bFundação Escola Superior do MPMT, _c2013. |
||
| 300 |
_a283 p. ; _c23 cm |
||
| 504 | _aInclui bibliografia. | ||
| 650 |
_aMinistério Público _zMato Grosso |
||
| 650 | _aPolíticas públicas | ||
| 942 |
_2udc _cLV |
||
| 999 |
_c1470 _d1470 |
||